| 000 | 00454nam a22001577a 4500 | ||
|---|---|---|---|
| 999 |
_c8096 _d8096 |
||
| 003 | OSt | ||
| 005 | 20200730110407.0 | ||
| 008 | 200730b ||||| |||| 00| 0 eng d | ||
| 020 | _a9789353110505 | ||
| 082 |
_a726.145 _bDHA |
||
| 100 | _a Dhaky, Madhusudan A. | ||
| 110 | _aSnehal Shah(editor) | ||
| 245 | _aFootprints of Viśvakarmā : studies in Indian sculpture and architecture | ||
| 260 | _bAkshara in collaboration with AIIS and LDII | ||
| 942 | _2ddc | ||